000 00972 a2200229 4500
001 54402
005 20260407155817.0
008 260407a1957 arg spa d
003 AR-UNSa-BCEJYS
040 _aAR-UNSa-BCEJYS
_bspa
_cAR-UNSa-BCEJYS
080 _a321
_xFormas de la organización política. Los estados como poderes políticos
245 1 0 _aLos partidos politicos
020 _a968-16-0286-2
264 1 _aMéxico :
_bFondo de Cultura Económica
_c1957
300 _a459 p.
_c21 cm.
505 _aPrimera parte: La estructura de los partidos - I. La armazón de los partidos - II. Los miembros de los partidos - III. La dirección de los partidos - Segunda parte: Los sistemas de partidos - I. El número de los partidos - II. Dimensiones y alianza - III. Partidos y regímenes políticos
942 _cBK
590 _aniveau_biblio:m niveau_hierar:0
100 1 _aDuverger, Maurice
700 1 _aCampos, Julieta
700 1 _aGonzález Pedrero, Enrique
999 _c5559
_d5559